Still D.R.E. - Dr. Dre feat. Snoop Dogg (Full lyrics) - Statistics

General Stats
  • This quiz has been taken 41 times
  • The average score is 371 of 646
Answer Stats
Lyrics % Correct
I
100%
a
93%
Dr.
93%
Dre
93%
D.R.E.
93%
still
93%
Still
93%
Still,
93%
the
93%
The
93%
it
86%
it,
86%
It
86%
be
79%
for
76%
he
76%
It's
76%
it's
76%
got
72%
I'm
72%
and
69%
And
69%
is
69%
my
69%
My
69%
nigga,
69%
nigga
69%
Nigga,
69%
Snoop,
69%
You
69%
you
69%
all
66%
gangstas
66%
Hit
66%
in
66%
In
66%
love
66%
of
66%
streets,
66%
to
66%
we
66%
AK
62%
me
62%
no
62%
on
62%
them
62%
world
62%
World
62%
across
59%
beat
59%
girl
59%
if
59%
when
59%
How?
55%
how
55%
name,
55%
name
55%
rap
55%
they
55%
They
55%
time
55%
ain't
52%
corner
52%
Day
52%
day,
52%
game
52%
representin'
52%
say
52%
takin'
52%
was
52%
but
48%
doin'
48%
fuck
48%
know
48%
last
48%
not
48%
off
48%
perfect
48%
that
48%
then
48%
wanna
48%
ahead
45%
album
45%
at
45%
back
45%
changed,
45%
Chronic
45%
corners
45%
Eminem
45%
He's
45%
Hittin'
45%
rap's
45%
feel
41%
fell
41%
hear
41%
rock
41%
triple
41%
your
41%
about
38%
again
38%
block
38%
can't
38%
fifty
38%
from
38%
haters
38%
hell,
38%
keep
38%
police
38%
up
38%
week
38%
wit'
38%
with
38%
beats
34%
'Cause
34%
home
34%
I've
34%
Ladies
34%
like
34%
lovin'
34%
low-lows,
34%
Since
34%
thang
34%
too
34%
Well,
34%
young
34%
blacks
31%
get
31%
homage,
31%
known
31%
Out
31%
out
31%
platinum,
31%
runnin'
31%
see
31%
some
31%
this
31%
Though
31%
bang,
28%
bass
28%
bitch
28%
dip
28%
dippin'
28%
friends
28%
lot,
28%
lot
28%
money
28%
shit
28%
weed:
28%
you're
28%
after
24%
close
24%
defeat,
24%
ear
24%
even
24%
feet
24%
frequent
24%
life's
24%
lost
24%
mathematics
24%
more
24%
much
24%
pay
24%
put
24%
rose
24%
signed
24%
smoke
24%
spots
24%
sticky
24%
truck
24%
A.M.,
21%
been
21%
Cali
21%
cars
21%
cuff
21%
drivin'
21%
every
21%
fly
21%
gon'
21%
grown
21%
heard
21%
heat
21%
Kept
21%
khakis
21%
left
21%
puffin'
21%
reppin'
21%
soundtrack
21%
take
21%
'til
21%
track
21%
Treat
21%
trippin',
21%
try
21%
wrote
21%
213
17%
ace
17%
Another
17%
CD
17%
Class
17%
classic
17%
compose
17%
crease
17%
fancy
17%
fluke,
17%
green,
17%
hard
17%
hot
17%
king,
17%
meets,
17%
mine
17%
moms
17%
nothin'
17%
shack,
17%
'sleep
17%
stay
17%
Swap
17%
"Turn
17%
vibe
17%
Whether
17%
y'all
17%
bad
14%
Barbeques
14%
bring
14%
coolin'
14%
Cru
14%
damn
14%
drive-bys
14%
fire
14%
hood,
14%
hood
14%
leaves,
14%
Lights"
14%
livin'
14%
mummy
14%
Niggas
14%
seat
14%
soakin'
14%
Spend
14%
traffic
14%
tried,
14%
Wake
14%
wrapped
14%
Wreckin
14%
ak-matics
10%
boys
10%
I'll
10%
jobs,
10%
Laidback
10%
lap
10%
play
10%
through,
10%
truth
10%
break
7%
face
7%
give
7%
near
7%
neck,
7%
regardless
7%
No matching quizzes found
Score Distribution
Percent of People with Each Score
Percentile by Number Answered
Your Score History
You have not taken this quiz